000
00306nam a2200121Ia 4500
008
231129s9999||||xx |||||||||||||| ||spa||
040
_b
spa
082
_a
853 G914
100
_a
Guareschi Giovanni
245
0
_a
Vida en familia : novela
264
_a
Barcelona EspaƱa : Plaza y Janes
942
_2
ddc
_c
BKS
999
_c
26278
_d
26278